Alle DFL SUPERCUP SIEGER - Statistiken

Allgemein
  • Dieses Quiz wurde 130 mal gespielt
  • Das Durchschnittsergebnis liegt bei 24 aus 25
Antwortstatistiken
Saison Antwort % Korrekt
24/25 Bayer 04 Leverkusen
100%
19/20 Borussia Dortmund
99%
14/15 Borussia Dortmund
99%
13/14 Borussia Dortmund
99%
96/97 Borussia Dortmund
99%
95/96 Borussia Dortmund
99%
89/90 Borussia Dortmund
99%
22/23 FC Bayern München
99%
21/22 FC Bayern München
99%
20/21 FC Bayern München
99%
18/19 FC Bayern München
99%
17/18 FC Bayern München
99%
16/17 FC Bayern München
99%
12/13 FC Bayern München
99%
10/11 FC Bayern München
99%
90/91 FC Bayern München
99%
87/88 FC Bayern München
99%
15/16 VfL Wolfsburg
93%
11/12 FC Schalke 04
91%
23/24 RB Leipzig
89%
94/95 SV Werder Bremen
87%
93/94 SV Werder Bremen
87%
88/89 SV Werder Bremen
87%
92/93 VfB Stuttgart
87%
91/92 1.FC Kaiserslautern
76%
Keine übereinstimmenden Quizze gefunden
Verteilung der Resultate
Anzahl Personen mit jedem Resultat
Perzentil nach korrekt beantworteten Fragen
Ihre Resultats-Entwicklung
Sie haben dieses Quiz noch nicht gespielt